<?xml version="1.0" encoding="UTF-8"?>
<record
    xmlns:xsi="http://www.w3.org/2001/XMLSchema-instance"
    xsi:schemaLocation="http://www.loc.gov/MARC21/slim http://www.loc.gov/standards/marcxml/schema/MARC21slim.xsd"
    xmlns="http://www.loc.gov/MARC21/slim">

  <leader>00734    a2200133   4500</leader>
  <datafield tag="082" ind1=" " ind2=" ">
    <subfield code="a">759.054</subfield>
    <subfield code="b">C619i</subfield>
  </datafield>
  <datafield tag="100" ind1=" " ind2=" ">
    <subfield code="a">Clay, Jean</subfield>
    <subfield code="9">512</subfield>
  </datafield>
  <datafield tag="245" ind1=" " ind2=" ">
    <subfield code="a">Impressionism</subfield>
  </datafield>
  <datafield tag="260" ind1=" " ind2=" ">
    <subfield code="a">Italy</subfield>
    <subfield code="b">Libraire Hachette</subfield>
    <subfield code="c">1973</subfield>
  </datafield>
  <datafield tag="300" ind1=" " ind2=" ">
    <subfield code="a">319 p</subfield>
    <subfield code="b">il (a color)</subfield>
    <subfield code="c">32 cm</subfield>
  </datafield>
  <datafield tag="505" ind1=" " ind2=" ">
    <subfield code="t">Preface by Rene Huyghe</subfield>
    <subfield code="t">Introduction</subfield>
    <subfield code="t">The Events, The Men</subfield>
    <subfield code="t">The Precursors</subfield>
    <subfield code="t">The Artist's Point of View Shifts</subfield>
    <subfield code="t">Objects and Environment Interpenetrate</subfield>
    <subfield code="t">Color Acquires Its Independence</subfield>
    <subfield code="t">The Work Is... A Section of Nature</subfield>
    <subfield code="t">The Painter Minimizes Perspective...</subfield>
    <subfield code="t">The Artist Solicits the Spectator's Optic Nerve...</subfield>
    <subfield code="t">Prices by Fran&#x22F;is Duret-Robert</subfield>
    <subfield code="t">Index of Painters</subfield>
    <subfield code="t">List of Ilustrations</subfield>
    <subfield code="t">Bibliography</subfield>
    <subfield code="t">Credits</subfield>
  </datafield>
  <datafield tag="650" ind1=" " ind2=" ">
    <subfield code="x">Pintura francesa</subfield>
    <subfield code="x">Historia</subfield>
    <subfield code="9">513</subfield>
  </datafield>
  <datafield tag="700" ind1=" " ind2=" ">
    <subfield code="a">Jean Clay</subfield>
    <subfield code="9">514</subfield>
  </datafield>
  <datafield tag="999" ind1=" " ind2=" ">
    <subfield code="c">101</subfield>
    <subfield code="d">101</subfield>
  </datafield>
  <datafield tag="952" ind1=" " ind2=" ">
    <subfield code="0">0</subfield>
    <subfield code="1">0</subfield>
    <subfield code="2">ddc</subfield>
    <subfield code="4">0</subfield>
    <subfield code="7">0</subfield>
    <subfield code="a">LV</subfield>
    <subfield code="b">LV</subfield>
    <subfield code="c">Pensamiento</subfield>
    <subfield code="d">2014-05-03</subfield>
    <subfield code="l">0</subfield>
    <subfield code="o">759.054 C619i</subfield>
    <subfield code="p">000100</subfield>
    <subfield code="r">2014-05-03 00:00:00</subfield>
    <subfield code="w">2014-05-03</subfield>
    <subfield code="y">01</subfield>
  </datafield>
</record>
